000 00574nam a2200205Ia 4500
003 LK-CoDNM
005 20241205150434.0
008 010623t1978 xxu||||| |||| 00| 1 sin d
040 _aLK-CoDNM
_dLK-CoDNM
_eLK-CoDNM
041 _asin
080 _a8C-31.9
_bARI
100 _aAriyawardena, Wimal
245 _aමළවුන්ගේ අවුරුදු දා විචාරය
246 _aMalaungee avurudu daa vicharaya
260 _bSudarshana prakashana
_aDenipitiya
_c1978
300 _b40p. ; 18 cm
650 _aNovel
650 _a1978
942 _cBK
999 _c233143
_d233143